[Event "35th European Club Cup 2019"]
[Site "Ulcinj"]
[Date "2019.11.13"]
[Round "4.30"]
[White "Seresin, Francesco"]
[Black "Sychev, Klementy"]
[Result "1/2-1/2"]
[WhiteElo "2367"]
[BlackElo "2578"]
[Annotator "ChessBase"]
[PlyCount "38"]
[EventDate "2019.11.10"]
[EventType "team-tourn"]
[EventCountry "MNE"]
[SourceTitle "playchess.com"]
[Source "ChessBase"]
[SourceQuality "1"]
[WhiteTeam "WorldTradingLab Club"]
[BlackTeam "Law & Order"]
[TimeControl "40/5400+30:1800+30"]

1. d4 {[%emt 0:00:00]} Nf6 {[%emt 0:00:00]} 2. c4 {[%emt 0:00:50]} g6 {[%emt 0:00:00]} 3. Nc3 {[%emt 0:01:01]} d5 {[%emt 0:00:05]} 4. cxd5 {[%emt 0:01:06]} Nxd5 {[%emt 0:00:33]} 5. e4 {[%emt 0:00:48]} Nxc3 {[%emt 0:00:06]} 6. bxc3 {[%emt 0:00:06]} Bg7 {[%emt 0:00:03]} 7. Nf3 {[%emt 0:00:50]} c5 {[%emt 0:00:06]} 8. Be3 {[%emt 0:00:15]} Qa5 {[%emt 0:03:35]} 9. Qd2 {[%emt 0:00:58]} O-O {[%emt 0:00:43]} 10. Rb1 {[%emt 0:01:22]} b6 {[%emt 0:09:11]} 11. h4 {[%emt 0:23:12]} Rd8 {[%emt 0:24:43]} 12. Bc4 {[%emt 0:12:58]} Nc6 {[%emt 0:10:22]} 13. Rc1 {[%emt 0:13:42]} cxd4 {[%emt 0:16:37]} 14. cxd4 {[%emt 0:00:36]} e6 {[%emt 0:01:25]} 15. Bg5 {[%emt 0:19:10]} Qxd2+ {[%emt 0:07:37]} 16. Kxd2 {[%emt 0:01:41]} Rd6 {[%emt 0:00:41]} 17. Bf4 {[%emt 0:04:29]} Rd8 {[%emt 0:00:12]} 18. Bg5 {[%emt 0:00:07]} Rd6 {[%emt 0:00:58]} 19. Bf4 {[%emt 0:00:08]} Rd8 {[%emt 0:00:20]} 1/2-1/2

[Event "35th European Club Cup 2019"]
[Site "Ulcinj"]
[Date "2019.11.13"]
[Round "4.31"]
[White "Galburd, Yan"]
[Black "Howell, David W L"]
[Result "1-0"]
[WhiteElo "2429"]
[BlackElo "2701"]
[Annotator "TA"]
[PlyCount "87"]
[EventDate "2019.11.10"]
[EventType "team-tourn"]
[EventCountry "MNE"]
[SourceTitle "playchess.com"]
[Source "ChessBase"]
[SourceQuality "1"]
[WhiteTeam "Rehovot"]

{[%evp 9,143,16,20,5,31,28,34,40,106,-6,-6,-10,-5,-18,-16,-15,-17,-24,-26,-28,-19,-16,-15,-27,-22,-31,-29,-28,-22,-25,0,-20,-18,-18,-18,-26,-22,-36,-36,-37,-25,-32,-25,-37,-37,-37,-37,-38,-37,-47,-47,-54,-54,-47,-47,-47,-39,-69,-28,-40,-22,-35,-8,-8,-8,-8,-7,-9,-1,-8,116,111,137,159,134,146,222,212,223,206,195,196,343,339,331,320,330,326,540,550,605,414,377,421,387,383,456,470,450,447,415,399,461,184,473,479,471,16,133,472,941,939,1954,1928,3616,2610,12837,12837,12838,12838,12838,12839,12842,12842,12842,12843,12847,12842,12842,12843,12844,12845,12845,12846,12846,12847]} 1. e4 c5 2. Nf3 e6 3. g3 Nc6 4. Bg2 Nf6 5. Qe2 e5 (5... Be7 6. e5 Nd5 7. O-O d6 8. exd6 Qxd6 9. Rd1 Nc7 10. d4 cxd4 11. Bf4 Qd8 12. Ne5 Nd5 13. Nxc6 bxc6 {1-0 (66) Vachier Lagrave,M (2774)-Yu,Y (2763) Khanty-Mansiysk 2019}) 6. O-O {B40: Sicilian: 2...e6, Unusual lines} g6 7. c3 d6 8. Rd1 {White is slightly better.} Qe7 $146 ({Better is} 8... Bg4 $14) ({Predecessor:} 8... Bg7 9. d4 Qc7 10. Na3 O-O 11. dxc5 dxc5 12. Bg5 Be6 13. Bxf6 Bxf6 {½-½ (51) Ziska,H (2515)-Socko,B (2622) Riga 2015}) 9. d3 (9. d4 $1 $16) 9... Bg7 $1 $11 10. Bg5 O-O 11. Nbd2 {[%cal Bb1d2,Bd2c4,Bc4e3,Be3d5][%mdl 32]} h6 12. Bxf6 Qxf6 13. Nc4 b5 14. Ne3 a5 15. a4 b4 16. Nd2 Rb8 17. Ndc4 Qd8 18. Nd5 Be6 19. Rac1 Qd7 20. Rf1 Rbe8 21. Qd2 Qd8 22. Ra1 Kh7 23. Rae1 h5 24. h4 Bxd5 25. exd5 Ne7 {[%cal Bc6e7,Be7g8,Bg8f6][%mdl 32]} 26. Qc2 f5 27. Nd2 Bh6 28. Nc4 Ng8 29. Bf3 Nf6 30. Kg2 Rf7 31. Qb1 Rfe7 32. Kg1 Kh8 33. Qc2 g5 34. hxg5 Bxg5 35. Kg2 e4 36. dxe4 fxe4 37. Bxh5 Nxh5 38. Rh1 Rh7 {...Qd7 is the strong threat.} 39. Rxe4 Rg8 (39... Rf8 $11 {keeps the balance.}) 40. Qd1 $1 $16 Nf6 {[#]} 41. Re6 $1 Qd7 42. Nxd6 Qg7 (42... Rf8 $16 43. Rxh7+ Nxh7) 43. Rxh7+ $18 Nxh7 44. Ne4 {Played: Qd1-h5} 1-0

[Event "35th European Club Cup 2019"]
[Site "Ulcinj"]
[Date "2019.11.13"]
[Round "4.32"]
[White "Grandelius, Nils"]
[Black "Gorodetzky, David"]
[Result "1/2-1/2"]
[WhiteElo "2681"]
[BlackElo "2488"]
[Annotator "TA"]
[PlyCount "89"]
[EventDate "2019.11.10"]
[EventType "team-tourn"]
[EventCountry "MNE"]
[SourceTitle "playchess.com"]
[Source "ChessBase"]
[SourceQuality "1"]
[WhiteTeam "Valerenga"]
[BlackTeam "Rehovot"]

{[%evp 17,89,0,0,0,0,0,0,0,26,0,0,4,47,50,51,46,56,37,69,83,85,73,114,120,190,175,175,184,183,184,193,207,193,193,198,192,202,190,202,202,193,141,138,131,183,180,167,166,185,166,158,-28,-20,-40,0,0,0,0,0,0,0,0,0,0,0,0,0,0,0,-11,-10,-10,-14,-14]} 1. e4 e6 2. d4 d5 3. e5 c5 4. c3 Nc6 5. Nf3 Bd7 6. Be2 Nge7 7. O-O cxd4 8. cxd4 Nf5 9. Nc3 Rc8 10. Bg5 {C02: French: Advance Variation} (10. a3 a6 11. Rb1 h6 12. Kh1 b5 13. Be3 Na5 14. Bd3 g6 15. Bc1 Nh4 16. Ne1 Nc4 17. Ne2 Nf5 18. Nc2 Na5 {1-0 (37) Rapport,R (2671)-Sandipan,C (2585) Abu Dhabi 2015}) 10... Qb6 {[%cal Rc6d4]} 11. Na4 Qa5 12. Rc1 h6 13. Bd2 (13. Be3 {feels hotter.} Be7 14. a3 O-O 15. Nc5 Qd8 16. Qd3) 13... Qd8 14. Bc3 b5 $146 ({Predecessor:} 14... Be7 15. Nc5 Bxc5 16. dxc5 Nh4 17. Nxh4 Qxh4 {1-0 (40) Martins,K (1578)-Casser,A (1391) LSS email 2012}) 15. Bxb5 Nxe5 $1 16. Bxd7+ Nxd7 17. Qd3 $36 {[%mdl 2048] And now Ba5! would win. White has the initiative.} Bd6 {[#]} 18. Ba5 $1 {[%cal Ra5d8][%mdl 512]} Bc7 (18... Qxa5 19. Rxc8+) 19. Bb4 Rb8 20. Ba3 $1 {Black must now prevent Qxf5!} Bd6 (20... Bf4 $16) 21. g4 $1 $18 {[%cal Rg4f5]} Bxa3 22. gxf5 Bd6 23. fxe6 Nf6 {[%cal Bd7f6,Bf6e4,Be4g5,Bg5e6,Be6f4][%mdl 32]} 24. exf7+ Kxf7 {[#]} 25. Ne5+ $1 Bxe5 26. dxe5 Ne4 {[#]} 27. Kh1 $1 Re8 28. f3 Ng5 29. Rc5 ({Better is} 29. b3 $18) 29... Ne6 30. Rxd5 Qh4 (30... Qc8 $16 31. Rd7+ (31. Rd6 Rb4 $18) 31... Kg8 32. Rxa7 Rb7 33. Rxb7 Qxb7) 31. f4 Rb4 32. f5 Nf4 33. Rd7+ {[%mdl 64] Double Attack} Kg8 34. Qc2 $2 (34. Qf3 $16 {Strongly threatening f6.} Nh5 35. f6 (35. Rxa7 $2 Rf4 $19) 35... gxf6 36. Qd3 (36. Rxa7 f5 $16) (36. exf6 Nxf6 37. Rxa7 Qe4 $18) 36... Qe4+ 37. Qxe4 Rxe4 38. exf6 Nxf6 39. Rxa7 (39. Rxf6 Rg4 $16)) 34... Qh3 $11 {[%cal Rh3f1]} 35. Rf2 {Threatens to win with Qc7.} Rxe5 (35... Qe3 $5 {[%cal Re3e1]} 36. Rf1 Rxe5 $11) 36. Rd8+ {The position is equal.} Kf7 (36... Kh7 $5 37. f6+ $8 Ng6 $11) 37. Rd7+ Kg8 38. Rd8+ Kf7 (38... Kh7 $5 39. f6+ $8 Ng6 $11) 39. Qc7+ Re7 40. Rd7 Rbe4 41. Rxe7+ Rxe7 42. Qc4+ Kf8 {( -> ...Re1+)} 43. Qf1 Nd3 44. Rf3 {[%mdl 64] Double Attack} Qxf1+ 45. Rxf1 {Accuracy: White = 71%, Black = 78%.} 1/2-1/2

[Event "35th European Club Cup 2019"]
[Site "Ulcinj"]
[Date "2019.11.13"]
[Round "4.33"]
[White "Parkhov, Yair"]
[Black "Bosiocic, Marin"]
[Result "0-1"]
[WhiteElo "2368"]
[BlackElo "2598"]
[Annotator "ChessBase"]
[PlyCount "92"]
[EventDate "2019.11.10"]
[EventType "team-tourn"]
[EventCountry "MNE"]
[SourceTitle "playchess.com"]
[Source "ChessBase"]
[SourceQuality "1"]
[WhiteTeam "Rehovot"]
[BlackTeam "Valerenga"]
[TimeControl "40/5400+30:1800+30"]

1. d4 {[%emt 0:00:00]} Nf6 {[%emt 0:00:00]} 2. c4 {[%emt 0:00:00]} e6 {[%emt 0:00:00]} 3. Nf3 {[%emt 0:00:00]} d5 {[%emt 0:00:00]} 4. g3 {[%emt 0:00:00]} Bb4+ {[%emt 0:00:00]} 5. Bd2 {[%emt 0:00:00]} Be7 {[%emt 0:00:01]} 6. Bg2 {[%emt 0:00:07]} c6 {[%emt 0:00:07]} 7. O-O {[%emt 0:01:16]} Nbd7 {[%emt 0:00:08]} 8. Qb3 {[%emt 0:01:29]} Nb6 {[%emt 0:01:07]} 9. Ba5 {[%emt 0:09:52]} dxc4 {[%emt 0:00:50]} 10. Qc2 {[%emt 0:00:13]} Qd5 {[%emt 0:05:47]} 11. Bxb6 {[%emt 0:08:22]} axb6 {[%emt 0:00:05]} 12. Ne5 {[%emt 0:02:55]} Qd6 {[%emt 0:06:00]} 13. Qxc4 {[%emt 0:09:12]} O-O {[%emt 0:04:30]} 14. Nc3 {[%emt 0:10:42]} Nd7 {[%emt 0:03:16]} 15. f4 {[%emt 0:06:15]} Nxe5 {[%emt 0:02:14]} 16. fxe5 {[%emt 0:00:16]} Qb4 {[%emt 0:00:44]} 17. Qxb4 {[%emt 0:02:19]} Bxb4 {[%emt 0:00:09]} 18. Ne4 {[%emt 0:04:44]} Rd8 {[%emt 0:00:30]} 19. e3 {[%emt 0:04:16]} Bd7 {[%emt 0:00:14]} 20. a3 {[%emt 0:03:39]} Be7 {[%emt 0:01:07]} 21. Rac1 {[%emt 0:03:20]} Be8 {[%emt 0:00:33]} 22. Rc2 {[%emt 0:02:53]} Ra5 {[%emt 0:04:23]} 23. Nd2 {[%emt 0:02:06]} f6 {[%emt 0:07:40]} 24. Bh3 {[%emt 0:03:14]} f5 {[%emt 0:03:25]} 25. Nb3 {[%emt 0:04:07]} Ra4 {[%emt 0:02:55]} 26. Rc3 {[%emt 0:05:49]} h5 {[%emt 0:03:32]} 27. Bg2 {[%emt 0:00:59]} g5 {[%emt 0:00:26]} 28. h3 {[%emt 0:01:13]} Bg6 {[%emt 0:00:24]} 29. g4 {[%emt 0:02:39]} fxg4 {[%emt 0:02:24]} 30. hxg4 {[%emt 0:00:08]} hxg4 {[%emt 0:00:27]} 31. Nd2 {[%emt 0:02:03]} c5 {[%emt 0:03:19]} 32. Nb3 {[%emt 0:00:15]} c4 {[%emt 0:02:31]} 33. Nd2 {[%emt 0:00:46]} Bd3 {[%emt 0:00:37]} 34. Rfc1 {[%emt 0:03:42]} b5 {[%emt 0:01:46]} 35. b3 {[%emt 0:00:48]} Rxa3 {[%emt 0:01:33]} 36. bxc4 {[%emt 0:00:27]} b4 {[%emt 0:04:23]} 37. Rb3 {[%emt 0:00:17]} b6 {[%emt 0:00:21]} 38. c5 {[%emt 0:05:34]} bxc5 {[%emt 0:00:48]} 39. dxc5 {[%emt 0:00:07]} Be2 {[%emt 0:10:24]} 40. Rxa3 {[%emt 0:00:00]} bxa3 {[%emt 0:00:00]} 41. Nb3 {[%emt 0:06:59]} Rd1+ {[%emt 0:01:31]} 42. Kf2 {[%emt 0:07:20]} Rxc1 {[%emt 0:00:07]} 43. Nxc1 {[%emt 0:00:05]} Bc4 {[%emt 0:00:22]} 44. c6 {[%emt 0:00:07]} Bd8 {[%emt 0:00:13]} 45. Kg3 {[%emt 0:00:16]} Kg7 {[%emt 0:00:42]} 46. Kxg4 {[%emt 0:00:31]} Kh6 {[%emt 0:00:03]} 0-1

[Event "35th European Club Cup 2019"]
[Site "Ulcinj"]
[Date "2019.11.13"]
[Round "4.34"]
[White "Predojevic, Borki"]
[Black "Zlatin, Alexander"]
[Result "1-0"]
[WhiteElo "2621"]
[BlackElo "2296"]
[Annotator "ChessBase"]
[PlyCount "79"]
[EventDate "2019.11.10"]
[EventType "team-tourn"]
[EventCountry "MNE"]
[SourceTitle "playchess.com"]
[Source "ChessBase"]
[SourceQuality "1"]
[WhiteTeam "Valerenga"]
[BlackTeam "Rehovot"]
[TimeControl "40/5400+30:1800+30"]

1. d4 {[%emt 0:00:00]} Nf6 {[%emt 0:00:00]} 2. c4 {[%emt 0:00:00]} g6 {[%emt 0:00:00]} 3. g3 {[%emt 0:00:00]} Bg7 {[%emt 0:00:00]} 4. Bg2 {[%emt 0:00:00]} O-O {[%emt 0:01:11]} 5. Nf3 {[%emt 0:02:19]} d6 {[%emt 0:00:23]} 6. O-O {[%emt 0:00:06]} c5 {[%emt 0:00:31]} 7. dxc5 {[%emt 0:00:17]} dxc5 {[%emt 0:00:06]} 8. Ne5 {[%emt 0:00:03]} Qc7 {[%emt 0:14:59]} 9. Nd3 {[%emt 0:02:36]} Nbd7 {[%emt 0:08:20]} 10. Nc3 {[%emt 0:03:17]} a6 {[%emt 0:02:00]} 11. e4 {[%emt 0:12:54]} e5 {[%emt 0:08:14]} 12. Be3 {[%emt 0:17:12]} b6 {[%emt 0:09:50]} 13. Rc1 {[%emt 0:00:14]} Bb7 {[%emt 0:00:38]} 14. b4 {[%emt 0:00:42]} cxb4 {[%emt 0:06:57]} 15. Nxb4 {[%emt 0:00:41]} Rfd8 {[%emt 0:07:43]} 16. Ncd5 {[%emt 0:10:21]} Qd6 {[%emt 0:03:24]} 17. Nxf6+ {[%emt 0:07:02]} Nxf6 {[%emt 0:02:58]} 18. Nd5 {[%emt 0:02:23]} Nxd5 {[%emt 0:01:38]} 19. exd5 {[%emt 0:03:49]} Bc8 {[%emt 0:08:31]} 20. Rb1 {[%emt 0:04:09]} Rb8 {[%emt 0:00:05]} 21. Rxb6 {[%emt 0:00:38]} Rxb6 {[%emt 0:00:04]} 22. c5 {[%emt 0:00:03]} Qd7 {[%emt 0:02:41]} 23. cxb6 {[%emt 0:00:14]} Bb7 {[%emt 0:00:23]} 24. Qb3 {[%emt 0:04:08]} Bf8 {[%emt 0:00:57]} 25. Rc1 {[%emt 0:02:12]} Bd6 {[%emt 0:00:18]} 26. a4 {[%emt 0:04:59]} Rc8 {[%emt 0:03:05]} 27. a5 {[%emt 0:06:01]} f5 {[%emt 0:01:17]} 28. Rc6 {[%emt 0:04:06]} e4 {[%emt 0:03:20]} 29. Bf1 {[%emt 0:02:03]} h5 {[%emt 0:03:25]} 30. Bf4 {[%emt 0:01:38]} Bxf4 {[%emt 0:00:38]} 31. gxf4 {[%emt 0:00:05]} Kh7 {[%emt 0:00:21]} 32. Rxc8 {[%emt 0:00:19]} Qxc8 {[%emt 0:02:15]} 33. Qc4 {[%emt 0:00:31]} Qg8 {[%emt 0:05:38]} 34. Qc7+ {[%emt 0:02:01]} Kh8 {[%emt 0:00:04]} 35. Qe5+ {[%emt 0:02:42]} Kh7 {[%emt 0:00:07]} 36. Qe7+ {[%emt 0:02:15]} Kh8 {[%emt 0:00:01]} 37. d6 {[%emt 0:00:29]} e3 {[%emt 0:00:03]} 38. d7 {[%emt 0:00:20]} exf2+ {[%emt 0:00:08]} 39. Kxf2 {[%emt 0:00:06]} Qa2+ {[%emt 0:00:03]} 40. Be2 {[%emt 0:00:00]} 1-0

[Event "35th European Club Cup 2019"]
[Site "Ulcinj"]
[Date "2019.11.13"]
[Round "4.35"]
[White "Gorodetzky, Matan"]
[Black "Romanov, Evgeny"]
[Result "0-1"]
[WhiteElo "2273"]
[BlackElo "2597"]
[Annotator "ChessBase"]
[PlyCount "76"]
[EventDate "2019.11.10"]
[EventType "team-tourn"]
[EventCountry "MNE"]
[SourceTitle "playchess.com"]
[Source "ChessBase"]
[SourceQuality "1"]
[WhiteTeam "Rehovot"]
[BlackTeam "Valerenga"]
[TimeControl "40/5400+30:1800+30"]

1. e4 {[%emt 0:00:00]} g6 {[%emt 0:01:46]} 2. d4 {[%emt 0:00:24]} Bg7 {[%emt 0:00:07]} 3. Nf3 {[%emt 0:00:32]} d6 {[%emt 0:00:12]} 4. Nc3 {[%emt 0:00:55]} a6 {[%emt 0:00:32]} 5. a4 {[%emt 0:02:57]} Nf6 {[%emt 0:03:57]} 6. h3 {[%emt 0:02:15]} O-O {[%emt 0:00:42]} 7. Be3 {[%emt 0:01:23]} Nc6 {[%emt 0:02:48]} 8. Qd2 {[%emt 0:09:53]} e5 {[%emt 0:02:20]} 9. dxe5 {[%emt 0:18:00]} dxe5 {[%emt 0:00:26]} 10. Rd1 {[%emt 0:02:07]} Qe7 {[%emt 0:02:07]} 11. Bg5 {[%emt 0:08:28]} Qb4 {[%emt 0:04:15]} 12. Bd3 {[%emt 0:08:15]} Qxb2 {[%emt 0:10:35]} 13. Bxf6 {[%emt 0:02:02]} Bxf6 {[%emt 0:00:05]} 14. Nd5 {[%emt 0:00:05]} Bg7 {[%emt 0:18:00]} 15. O-O {[%emt 0:03:10]} Qa3 {[%emt 0:01:20]} 16. Nxc7 {[%emt 0:05:20]} Rb8 {[%emt 0:00:13]} 17. c3 {[%emt 0:00:52]} Rd8 {[%emt 0:01:58]} 18. Qc2 {[%emt 0:07:54]} Qc5 {[%emt 0:02:14]} 19. Qb2 {[%emt 0:00:57]} b5 {[%emt 0:08:13]} 20. Be2 {[%emt 0:11:52]} Rxd1 {[%emt 0:00:50]} 21. Rxd1 {[%emt 0:00:34]} bxa4 {[%emt 0:06:44]} 22. Qa2 {[%emt 0:00:01]} Rb7 {[%emt 0:11:27]} 23. Nxa6 {[%emt 0:07:37]} Qxc3 {[%emt 0:00:07]} 24. Qxa4 {[%emt 0:02:07]} Nd4 {[%emt 0:04:35]} 25. Nxd4 {[%emt 0:01:18]} exd4 {[%emt 0:00:03]} 26. e5 {[%emt 0:03:22]} h5 {[%emt 0:07:19]} 27. Rxd4 {[%emt 0:00:37]} Qe1+ {[%emt 0:01:24]} 28. Bf1 {[%emt 0:00:08]} Rb1 {[%emt 0:00:30]} 29. Qc4 {[%emt 0:00:24]} Be6 {[%emt 0:07:13]} 30. Qd3 {[%emt 0:00:01]} Bf5 {[%emt 0:00:09]} 31. Qc4 {[%emt 0:00:55]} Be6 {[%emt 0:00:01]} 32. Qd3 {[%emt 0:00:05]} Bf5 {[%emt 0:00:05]} 33. Qc4 {[%emt 0:00:07]} Bxe5 {[%emt 0:00:13]} 34. Rd8+ {[%emt 0:00:52]} Kg7 {[%emt 0:00:02]} 35. Nc5 {[%emt 0:00:28]} Rb2 {[%emt 0:01:24]} 36. Nd3 {[%emt 0:01:27]} Bxd3 {[%emt 0:00:11]} 37. Qxd3 {[%emt 0:00:01]} Qxf2+ {[%emt 0:00:15]} 38. Kh1 {[%emt 0:00:01]} Qf4 {[%emt 0:00:13]} 0-1

[Event "35th European Club Cup 2019"]
[Site "Ulcinj"]
[Date "2019.11.13"]
[Round "4.36"]
[White "Kaasen, Tor Fredrik"]
[Black "Mikhalevski, Alexander"]
[Result "0-1"]
[WhiteElo "2405"]
[BlackElo "2425"]
[Annotator "NA"]
[PlyCount "136"]
[EventDate "2019.11.10"]
[EventType "team-tourn"]
[EventCountry "MNE"]
[SourceTitle "playchess.com"]
[Source "ChessBase"]
[SourceQuality "1"]
[WhiteTeam "Valerenga"]
[BlackTeam "Rehovot"]
[TimeControl "40/5400+30:1800+30"]

1. d4 {[%emt 0:00:00]} d5 {[%emt 0:00:00]} 2. c4 {[%emt 0:00:08]} e6 {[%emt 0:00:00]} 3. Nc3 {[%emt 0:00:20]} Be7 {[%emt 0:00:01]} 4. cxd5 {[%emt 0:00:49]} exd5 {[%emt 0:00:09]} 5. Bf4 {[%emt 0:00:13]} Nf6 {[%emt 0:00:08]} 6. e3 {[%emt 0:00:23]} O-O {[%emt 0:00:20]} 7. Bd3 {[%emt 0:00:35]} c5 {[%emt 0:00:09]} 8. Nge2 {[%emt 0:00:37]} Nc6 {[%emt 0:00:14]} 9. O-O {[%emt 0:00:28]} Bg4 {[%emt 0:00:08]} 10. dxc5 {[%emt 0:02:51]} Bxc5 {[%emt 0:00:14]} 11. h3 {[%emt 0:00:06]} Bxe2 {[%emt 0:01:54]} 12. Nxe2 {[%emt 0:00:45]} d4 {[%emt 0:01:46]} 13. Rc1 {[%emt 0:01:37]} Bb6 {[%emt 0:04:34]} 14. e4 {[%emt 0:01:37]} Nd7 {[%emt 0:08:38]} 15. Bc4 {[%emt 0:10:02]} Qh4 {[%emt 0:15:39]} 16. Bd5 {[%emt 0:03:50]} Nf6 {[%emt 0:09:23]} 17. Bg3 {[%emt 0:07:46]} Qg5 {[%emt 0:01:32]} 18. Nf4 {[%emt 0:01:53]} Nxd5 {[%emt 0:01:32]} 19. Nxd5 {[%emt 0:01:16]} Rfe8 {[%emt 0:03:02]} 20. Re1 {[%emt 0:06:04]} Ba5 {[%emt 0:22:14]} 21. Re2 {[%emt 0:02:56]} Rad8 {[%emt 0:01:31]} 22. Rc4 {[%emt 0:04:39]} f5 {[%emt 0:05:38]} 23. exf5 {[%emt 0:10:58]} Qxf5 {[%emt 0:00:53]} 24. Rxc6 {[%emt 0:00:56]} Rxe2 {[%emt 0:07:30]} 25. Qxe2 {[%emt 0:00:59]} Qxd5 {[%emt 0:01:02]} 26. Re6 {[%emt 0:13:47]} h6 {[%emt 0:03:36]} 27. Re5 {[%emt 0:03:57]} d3 {[%emt 0:00:13]} 28. Qg4 {[%emt 0:00:56]} Qd7 {[%emt 0:06:30]} 29. Qd1 {[%emt 0:06:15]} d2 {[%emt 0:00:08]} 30. Rxa5 {[%emt 0:03:09]} Rc8 {[%emt 0:00:18]} 31. Kh2 {[%emt 0:05:04]} Rc1 {[%emt 0:00:33]} 32. Qb3+ {[%emt 0:00:14]} Kh8 {[%emt 0:01:11]} 33. Rd5 {[%emt 0:01:24]} Qxd5 {[%emt 0:00:26]} 34. Qxd5 {[%emt 0:00:08]} d1=Q {[%emt 0:00:07]} 35. Qxd1 {[%emt 0:00:42]} Rxd1 {[%emt 0:00:05]} 36. Be5 {[%emt 0:00:19]} Kg8 {[%emt 0:03:20]} 37. Kg3 {[%emt 0:01:57]} Kf7 {[%emt 0:00:07]} 38. Bc3 {[%emt 0:00:55]} g6 {[%emt 0:00:21]} 39. Kf3 {[%emt 0:00:39]} Rh1 {[%emt 0:00:59]} 40. Ke4 {[%emt 0:00:00]} Ke6 {[%emt 0:00:00]} 41. Bg7 {[%emt 0:04:34]} Re1+ {[%emt 0:02:53]} 42. Kf3 {[%emt 0:00:29]} h5 {[%emt 0:04:53]} 43. Bc3 {[%emt 0:01:33]} Rc1 {[%emt 0:01:50]} 44. a3 {[%emt 0:04:00]} Rc2 {[%emt 0:01:55]} 45. Ke3 {[%emt 0:00:31]} b6 {[%emt 0:01:26]} 46. Bd4 {[%emt 0:00:30]} Kd5 {[%emt 0:00:08]} 47. Bf6 {[%emt 0:00:50]} a5 {[%emt 0:00:42]} 48. g4 {[%emt 0:00:50]} h4 {[%emt 0:01:26]} 49. Kf3 {[%emt 0:04:57]} b5 {[%emt 0:00:22]} 50. Bg7 {[%emt 0:05:33]} Ke6 {[%emt 0:08:46]} 51. Bc3 {[%emt 0:01:51]} b4 {[%emt 0:00:19]} 52. Bd4 {[%emt 0:02:11]} Kd5 {[%emt 0:03:35]} 53. Bf6 {[%emt 0:00:40]} Kc4 {[%emt 0:02:45]} 54. g5 {[%emt 0:03:14]} Kd5 {[%emt 0:01:04]} 55. axb4 {[%emt 0:01:40]} axb4 {[%emt 0:00:06]} 56. Ke3 {[%emt 0:01:11]} b3 {[%emt 0:01:35]} 57. Bg7 {[%emt 0:00:41]} Ke6 {[%emt 0:00:14]} 58. Bf6 {[%emt 0:00:37]} Kf5 {[%emt 0:00:09]} 59. Kf3 {[%emt 0:00:10]} Rd2 {[%emt 0:00:27]} 60. Ke3 {[%emt 0:00:23]} Rd1 {[%emt 0:00:09]} 61. Kf3 {[%emt 0:01:41]} Rd3+ {[%emt 0:00:10]} 62. Kg2 {[%emt 0:00:09]} Kf4 {[%emt 0:00:12]} 63. Be7 {[%emt 0:00:18]} Rd2 {[%emt 0:00:18]} 64. Bf6 {[%emt 0:00:11]} Rc2 {[%emt 0:00:16]} 65. Bd4 {[%emt 0:00:58]} Kxg5 {[%emt 0:00:53]} 66. Kf3 {[%emt 0:00:04]} Kf5 {[%emt 0:00:05]} 67. Bg7 {[%emt 0:00:10]} Rd2 {[%emt 0:00:14]} 68. Ke3 {[%emt 0:01:19]} Rd1 {[%emt 0:00:08] Kd4 Ke5+} 0-1

[Event "35th European Club Cup 2019"]
[Site "Ulcinj"]
[Date "2019.11.14"]
[Round "5.1"]
[White "Rapport, Richard"]
[Black "Mamedov, Rauf"]
[Result "1/2-1/2"]
[WhiteElo "2752"]
[BlackElo "2648"]
[Annotator "TA"]
[PlyCount "61"]
[EventDate "2019.11.10"]
[EventType "team-tourn"]
[EventCountry "MNE"]
[SourceTitle "playchess.com"]
[Source "ChessBase"]
[SourceQuality "1"]
[WhiteTeam "Padova"]
[BlackTeam "Vugar Gashimov"]

{[%evp 15,61,62,66,66,60,47,64,47,64,59,49,68,57,-42,-45,-49,-35,-35,0,0,0,0,0,0,0,0,0,0,0,0,0,0,0,-54,26,33,121,-10,-8,-8,-9,-33,0,-31,-45,-39,-7,-7]} 1. d4 Nf6 2. c4 g6 3. Nc3 Bg7 4. e4 d6 5. Nf3 O-O 6. Be3 c6 7. Be2 e5 8. d5 Na6 9. Nd2 {E92: King's Indian: Classical: 6 Be2 e5: 7 dxe5, 7 Be3 and Petrosian System without 7...Nbd7} (9. O-O Ng4 10. Bg5 f6 11. Bh4 c5 12. a3 Qe7 13. Nd2 Nh6 14. Bd3 Nf7 15. Qc2 Bh6 16. Rae1 Nc7 17. f3 Ne8 18. Kh1 Ng7 19. Bf2 f5 20. exf5 gxf5 {½-½ (38) Volkov,S (2638)-Demchenko,A (2649) Beirut 2017}) 9... Bd7 10. a3 $146 ({Predecessor:} 10. g4 cxd5 11. cxd5 b5 12. g5 Nh5 13. Bxh5 gxh5 14. Qxh5 Nb4 15. O-O-O Qc8 16. Kb1 Bg4 {1-0 (108) Eng,H (2330)-Zude,E (2315) Germany 1992}) 10... Rc8 11. b4 {White is slightly better.} cxd5 12. exd5 Ne8 13. Nb3 f5 14. Bxa7 (14. O-O $14) 14... b6 $15 15. O-O Ra8 $1 {[%cal Ra8a7]} 16. Nb5 Rf7 17. a4 Nxb4 {[#] Strongly threatening ...Bxb5.} 18. Qd2 e4 19. a5 bxa5 20. Rxa5 Bxb5 $1 21. cxb5 Rfxa7 22. Rxa7 Rxa7 23. Qxb4 Qb6 24. Nd2 (24. Rc1 $11) 24... Ra2 (24... e3 $15 25. Nc4 exf2+ 26. Kh1 Qd4) 25. Nc4 $1 $11 {[%cal Rc4b6]} Qd4 (25... Qc5 $14 26. Qxc5 dxc5) 26. Qe1 (26. b6 $16 Rxe2 27. Qb5) 26... Nf6 ({But not} 26... Qxd5 $2 27. Ne3 $18) 27. b6 $1 Nd7 ({Not} 27... Nxd5 $2 28. b7 $18) ({Don't go for} 27... Qxd5 $2 28. Ne3 $18) 28. b7 Qc5 29. Kh1 Qc7 30. f3 {Black should prevent fxe4.} Qxb7 {[#] ...Nc5 is the strong threat.} (30... e3 $5) 31. fxe4 {Accuracy: White = 48%, Black = 56%.} 1/2-1/2